Zákon o bankách

Podmienky pre znižovanie miery rizika v oblasti poskytovania úveru. Účtovníctvo a obchodná dokumentácia. Bankový dohľad. Opatrenia na nápravu a pokuty. Odobratie a zánik povolenia pôsobiť ako banka. Osobitné ustanovenia pre banky založené ako štátne peňažné ústavy. Hypotekárne bankovníctvo.

Guardado en:
Detalles Bibliográficos
Autor principal: Jánoš, Daniel
Formato: Capítulo de libro
Lenguaje:eslovaco
Materias:
Etiquetas: Agregar Etiqueta
Sin Etiquetas, Sea el primero en etiquetar este registro!

MARC

LEADER 00000naa a2200000 4500
001 r033129
005 20230911131736.5
041 0 |a slo 
044 |a SK 
245 1 0 |a Zákon o bankách  |c Daniel Jánoš 
520 |a Podmienky pre znižovanie miery rizika v oblasti poskytovania úveru. Účtovníctvo a obchodná dokumentácia. Bankový dohľad. Opatrenia na nápravu a pokuty. Odobratie a zánik povolenia pôsobiť ako banka. Osobitné ustanovenia pre banky založené ako štátne peňažné ústavy. Hypotekárne bankovníctvo. 
610 2 0 |a bankovníctvo 
610 2 0 |a podnikanie 
610 2 0 |a úverovanie 
610 2 0 |a záruka 
610 2 0 |a účtovníctvo 
610 2 0 |a dokumentácia účtovná 
610 2 0 |a pokuty 
610 2 0 |a bankovníctvo hypotekárne 
610 2 0 |a Slovensko 
100 1 |a Jánoš, Daniel